| 000 | 00696nam a22002417a 4500 | ||
|---|---|---|---|
| 003 | dpl | ||
| 005 | 20170124110119.0 | ||
| 008 | 161212b xxu||||| |||| 00| 0 eng d | ||
| 010 | _aA-344963 | ||
| 020 |
_c00.00 _a1870418069 |
||
| 035 | _aA-344963 | ||
| 037 | _bCen Lib/Ret | ||
| 040 |
_aDPL _bEN _cTIT |
||
| 082 |
_aS _bWIL |
||
| 100 |
_aWilde, Oscar _971994 |
||
| 245 |
_aThe pictures of dorian gray and the complete short stories / _cby Oscar Wilde |
||
| 260 |
_aLondon _bLaurel Press _c1987 |
||
| 270 |
_bLondon _a59 grosvernor street |
||
| 300 |
_a285p. _c23cm(Hb) |
||
| 650 |
_aLiterature _xFiction _971995 |
||
| 650 |
_aEnglish Short stories _928414 |
||
| 942 |
_2ddc _cEN _hS _mWIL |
||
| 999 |
_c130856 _d130856 |
||